[Event "DVM U10 2023"]
[Site "Magdeburg GER"]
[Date "2023.12.28"]
[Round "4"]
[White "Chakhalov, Mikael"]
[Black "Heins, Simon"]
[Result "1-0"]
[Termination "normal"]
[Board "3.1"]
[WhiteElo "1623"]
[BlackElo "1377"]
[WhiteClock "00:17:48"]
[BlackClock "00:43:08"]
[WhiteTeam "SK Zehlendorf"]
[BlackTeam "Hamburger SK 1830"]
[PlyCount "75"]
[WhiteFideId "34644458"]
[BlackFideId "34660194"]
[EventCountry "GER"]
[EventRounds "7"]
[EventType "team-swiss"]
[EventDate "2023.12.27"]

1. e4 {[%clk 00:55:09]} {[%emt 00:31:09]} c5 {[%clk 00:54:59]} {[%emt
00:00:11]} 2. Nc3 {[%clk 00:55:09]} {[%emt 00:00:05]} e6 {[%clk 00:54:55]}
{[%emt 00:00:10]} 3. g3 {[%clk 00:55:07]} {[%emt 00:00:06]} d5 {[%clk
00:54:53]} {[%emt 00:00:07]} 4. exd5 {[%clk 00:55:05]} {[%emt 00:00:07]} exd5
{[%clk 00:54:52]} {[%emt 00:00:07]} 5. Bg2 {[%clk 00:55:04]} {[%emt 00:00:06]}
Nf6 {[%clk 00:54:52]} {[%emt 00:00:05]} 6. Nge2 {[%clk 00:55:00]} {[%emt
00:00:09]} Be7 {[%clk 00:54:46]} {[%emt 00:00:09]} 7. d4 {[%clk 00:54:53]}
{[%emt 00:00:13]} cxd4 {[%clk 00:54:40]} {[%emt 00:00:11]} 8. Nxd4 {[%clk
00:54:53]} {[%emt 00:00:06]} Nc6 {[%clk 00:54:34]} {[%emt 00:00:10]} 9. O-O
{[%clk 00:54:50]} {[%emt 00:00:08]} O-O {[%clk 00:54:32]} {[%emt 00:00:08]} 10.
Re1 {[%clk 00:54:02]} {[%emt 00:00:53]} Re8 {[%clk 00:54:15]} {[%emt 00:00:21]}
11. Bf4 {[%clk 00:52:07]} {[%emt 00:02:00]} Bg4 {[%clk 00:53:40]} {[%emt
00:00:40]} 12. Qd2 {[%clk 00:51:53]} {[%emt 00:00:19]} Rc8 {[%clk 00:53:09]}
{[%emt 00:00:35]} 13. Ncb5 {[%clk 00:48:43]} {[%emt 00:03:16]} a6 {[%clk
00:52:24]} {[%emt 00:00:50]} 14. Nxc6 {[%clk 00:48:24]} {[%emt 00:00:24]} Rxc6
{[%clk 00:50:04]} {[%emt 00:02:26]} 15. Nd4 {[%clk 00:47:20]} {[%emt 00:01:08]}
Rc8 {[%clk 00:49:26]} {[%emt 00:00:42]} 16. c3 {[%clk 00:46:22]} {[%emt
00:01:04]} Qa5 {[%clk 00:48:36]} {[%emt 00:00:55]} 17. h3 {[%clk 00:42:39]}
{[%emt 00:03:48]} Bh5 {[%clk 00:48:23]} {[%emt 00:00:18]} 18. Nf5 {[%clk
00:41:23]} {[%emt 00:01:21]} Bf8 {[%clk 00:47:51]} {[%emt 00:00:37]} 19. Rxe8
{[%clk 00:35:23]} {[%emt 00:06:05]} Rxe8 {[%clk 00:47:47]} {[%emt 00:00:09]}
20. Ne3 {[%clk 00:33:03]} {[%emt 00:02:25]} Rd8 {[%clk 00:46:52]} {[%emt
00:01:01]} 21. Bg5 {[%clk 00:23:37]} {[%emt 00:09:31]} Ne4 {[%clk 00:45:49]}
{[%emt 00:01:07]} 22. Bxe4 {[%clk 00:23:30]} {[%emt 00:00:11]} dxe4 {[%clk
00:45:49]} {[%emt 00:00:06]} 23. Qxd8 {[%clk 00:23:33]} {[%emt 00:00:02]} Qc5
{[%clk 00:44:36]} {[%emt 00:01:18]} 24. Bf4 {[%clk 00:22:26]} {[%emt 00:01:11]}
Bf3 {[%clk 00:44:30]} {[%emt 00:00:11]} 25. Qd5 {[%clk 00:21:11]} {[%emt
00:01:19]} Qb6 {[%clk 00:44:27]} {[%emt 00:00:11]} 26. Nc4 {[%clk 00:20:01]}
{[%emt 00:01:15]} Qg6 {[%clk 00:44:13]} {[%emt 00:00:18]} 27. Ne5 {[%clk
00:19:43]} {[%emt 00:00:23]} Qh5 {[%clk 00:44:09]} {[%emt 00:00:08]} 28. g4
{[%clk 00:18:50]} {[%emt 00:00:59]} Bxg4 {[%clk 00:43:32]} {[%emt 00:00:42]}
29. hxg4 {[%clk 00:18:44]} {[%emt 00:00:11]} Qxg4+ {[%clk 00:43:13]} {[%emt
00:00:25]} 30. Nxg4 {[%clk 00:18:43]} {[%emt 00:00:05]} h5 {[%clk 00:43:12]}
{[%emt 00:00:06]} 31. Ne5 {[%emt 00:00:06]} Bc5 {[%clk 00:43:12]} {[%emt
00:00:04]} 32. Qxf7+ {[%clk 00:18:30]} {[%emt 00:00:18]} Kh7 {[%clk 00:43:12]}
{[%emt 00:00:05]} 33. Qxh5+ {[%clk 00:18:03]} {[%emt 00:00:32]} Kg8 {[%clk
00:43:11]} {[%emt 00:00:05]} 34. Rd1 {[%clk 00:17:58]} {[%emt 00:00:10]} Bxf2+
{[%clk 00:43:10]} {[%emt 00:00:07]} 35. Kxf2 {[%clk 00:17:56]} {[%emt
00:00:07]} e3+ {[%clk 00:43:12]} {[%emt 00:00:04]} 36. Kxe3 {[%clk 00:17:54]}
{[%emt 00:00:06]} g5 {[%clk 00:43:09]} {[%emt 00:00:07]} 37. Qg6+ {[%clk
00:17:48]} {[%emt 00:00:12]} Kf8 {[%clk 00:43:08]} {[%emt 00:00:06]} 38. Qf7#
{[%clk 00:17:48]} {[%emt 00:00:05]} 1-0

[Event "DVM U10 2023"]
[Site "Magdeburg GER"]
[Date "2023.12.28"]
[Round "4"]
[White "Wengler, Linus"]
[Black "Horras, Jonathan"]
[Result "1-0"]
[Termination "normal"]
[Board "3.4"]
[WhiteElo "777"]
[BlackElo "1109"]
[WhiteClock "00:33:07"]
[BlackClock "00:32:36"]
[WhiteTeam "Hamburger SK 1830"]
[BlackTeam "SK Zehlendorf"]
[PlyCount "139"]
[BlackFideId "34681990"]
[EventCountry "GER"]
[EventRounds "7"]
[EventType "team-swiss"]
[EventDate "2023.12.27"]

1. e4 {[%emt 00:00:02]} e5 {[%emt 00:00:05]} 2. Nf3 {[%clk 00:54:57]} {[%emt
00:00:06]} Nc6 {[%clk 00:54:57]} {[%emt 00:00:14]} 3. Nc3 {[%clk 00:54:55]}
{[%emt 00:00:06]} Bc5 {[%clk 00:54:38]} {[%emt 00:00:25]} 4. a3 {[%clk
00:54:31]} {[%emt 00:00:29]} Nf6 {[%clk 00:54:20]} {[%emt 00:00:22]} 5. h3
{[%clk 00:54:21]} {[%emt 00:00:14]} d5 {[%clk 00:53:39]} {[%emt 00:00:47]} 6.
exd5 {[%emt 00:00:15]} Nxd5 {[%emt 00:00:06]} 7. Bc4 {[%clk 00:53:24]} {[%emt
00:00:40]} Be6 {[%clk 00:53:23]} {[%emt 00:00:23]} 8. O-O {[%clk 00:53:03]}
{[%emt 00:00:30]} Nxc3 {[%clk 00:52:53]} {[%emt 00:00:41]} 9. dxc3 {[%clk
00:52:38]} {[%emt 00:00:29]} Qxd1 {[%clk 00:52:43]} {[%emt 00:00:16]} 10. Rxd1
{[%clk 00:52:32]} {[%emt 00:00:10]} Bxc4 {[%clk 00:52:42]} {[%emt 00:00:06]}
11. b3 {[%clk 00:52:00]} {[%emt 00:00:37]} Be2 {[%clk 00:52:28]} {[%emt
00:00:19]} 12. Re1 {[%clk 00:51:31]} {[%emt 00:00:34]} Bxf3 {[%clk 00:52:27]}
{[%emt 00:00:07]} 13. gxf3 {[%clk 00:51:24]} {[%emt 00:00:12]} O-O-O {[%clk
00:52:11]} {[%emt 00:00:21]} 14. Bg5 {[%clk 00:50:59]} {[%emt 00:00:28]} Rd2
{[%clk 00:52:04]} {[%emt 00:00:14]} 15. Bxd2 {[%clk 00:50:52]} {[%emt
00:00:12]} f6 {[%clk 00:51:33]} {[%emt 00:00:35]} 16. f4 {[%clk 00:50:13]}
{[%emt 00:00:44]} Re8 {[%clk 00:51:04]} {[%emt 00:00:35]} 17. fxe5 {[%clk
00:49:49]} {[%emt 00:00:28]} Nxe5 {[%clk 00:50:59]} {[%emt 00:00:11]} 18. Kg2
{[%clk 00:49:04]} {[%emt 00:00:49]} Rd8 {[%clk 00:49:40]} {[%emt 00:01:23]} 19.
Be3 {[%clk 00:48:34]} {[%emt 00:00:37]} Bxe3 {[%clk 00:49:08]} {[%emt
00:00:37]} 20. Rxe3 {[%clk 00:48:16]} {[%emt 00:00:22]} Ng6 {[%clk 00:48:37]}
{[%emt 00:00:36]} 21. Rae1 {[%clk 00:47:19]} {[%emt 00:01:01]} Nf4+ {[%clk
00:48:25]} {[%emt 00:00:17]} 22. Kg3 {[%clk 00:46:28]} {[%emt 00:00:51]} Nh5+
{[%clk 00:48:20]} {[%emt 00:00:16]} 23. Kg4 {[%clk 00:45:39]} {[%emt 00:00:53]}
g6 {[%clk 00:47:59]} {[%emt 00:00:27]} 24. Re8 {[%clk 00:44:57]} {[%emt
00:00:48]} Ng7 {[%clk 00:47:25]} {[%emt 00:00:38]} 25. Rxd8+ {[%clk 00:44:49]}
{[%emt 00:00:13]} Kxd8 {[%clk 00:47:25]} {[%emt 00:00:05]} 26. Rd1+ {[%clk
00:44:38]} {[%emt 00:00:14]} Ke7 {[%clk 00:47:18]} {[%emt 00:00:14]} 27. f4
{[%clk 00:44:11]} {[%emt 00:00:31]} h5+ {[%clk 00:46:58]} {[%emt 00:00:25]} 28.
Kf3 {[%clk 00:43:54]} {[%emt 00:00:23]} Nf5 {[%clk 00:46:37]} {[%emt 00:00:26]}
29. Re1+ {[%clk 00:43:25]} {[%emt 00:00:34]} Kd7 {[%clk 00:46:28]} {[%emt
00:00:13]} 30. c4 {[%clk 00:43:01]} {[%emt 00:00:30]} Nd4+ {[%clk 00:46:22]}
{[%emt 00:00:09]} 31. Kf2 {[%clk 00:42:29]} {[%emt 00:00:35]} Nxc2 {[%clk
00:46:00]} {[%emt 00:00:30]} 32. Rd1+ {[%clk 00:42:05]} {[%emt 00:00:29]} Ke7
{[%clk 00:45:52]} {[%emt 00:00:13]} 33. a4 {[%clk 00:41:53]} {[%emt 00:00:18]}
a6 {[%clk 00:44:53]} {[%emt 00:01:04]} 34. Rd2 {[%clk 00:41:24]} {[%emt
00:00:30]} Nb4 {[%clk 00:44:32]} {[%emt 00:00:30]} 35. Rd4 {[%clk 00:40:34]}
{[%emt 00:00:50]} Nc6 {[%clk 00:43:23]} {[%emt 00:01:16]} 36. Re4+ {[%clk
00:40:16]} {[%emt 00:00:24]} Kd7 {[%clk 00:43:10]} {[%emt 00:00:19]} 37. Re3
{[%clk 00:39:53]} {[%emt 00:00:27]} Na5 {[%clk 00:42:34]} {[%emt 00:00:42]} 38.
Rg3 {[%clk 00:39:40]} {[%emt 00:00:18]} Ke6 {[%clk 00:42:10]} {[%emt 00:00:29]}
39. Rxg6 {[%clk 00:39:23]} {[%emt 00:00:21]} Nxb3 {[%clk 00:42:00]} {[%emt
00:00:16]} 40. Rh6 {[%clk 00:39:08]} {[%emt 00:00:20]} Kf5 {[%clk 00:41:33]}
{[%emt 00:00:32]} 41. Rxh5+ {[%clk 00:39:02]} {[%emt 00:00:11]} Kxf4 {[%clk
00:41:30]} {[%emt 00:00:08]} 42. Rh7 {[%clk 00:38:39]} {[%emt 00:00:28]} b5
{[%clk 00:40:44]} {[%emt 00:00:52]} 43. cxb5 {[%clk 00:38:25]} {[%emt
00:00:19]} axb5 {[%clk 00:40:37]} {[%emt 00:00:12]} 44. axb5 {[%clk 00:38:20]}
{[%emt 00:00:10]} Nd4 {[%clk 00:40:33]} {[%emt 00:00:09]} 45. Rxc7 {[%clk
00:37:55]} {[%emt 00:00:29]} Nb3 {[%clk 00:37:57]} {[%emt 00:02:41]} 46. Rc4+
{[%clk 00:37:46]} {[%emt 00:00:15]} Kg5 {[%clk 00:37:49]} {[%emt 00:00:13]} 47.
b6 {[%clk 00:37:41]} {[%emt 00:00:09]} Na5 {[%clk 00:37:02]} {[%emt 00:00:52]}
48. Rb4 {[%clk 00:37:35]} {[%emt 00:00:11]} Nb7 {[%clk 00:36:48]} {[%emt
00:00:19]} 49. h4+ {[%clk 00:37:24]} {[%emt 00:00:16]} Kg6 {[%clk 00:36:26]}
{[%emt 00:00:27]} 50. Rb5 {[%clk 00:37:11]} {[%emt 00:00:19]} f5 {[%clk
00:36:10]} {[%emt 00:00:20]} 51. Kg3 {[%clk 00:37:02]} {[%emt 00:00:14]} Nd6
{[%clk 00:35:44]} {[%emt 00:00:31]} 52. b7 {[%clk 00:36:15]} {[%emt 00:00:52]}
Nxb7 {[%clk 00:35:32]} {[%emt 00:00:18]} 53. Rxb7 {[%clk 00:36:10]} {[%emt
00:00:09]} Kh5 {[%clk 00:35:19]} {[%emt 00:00:19]} 54. Rh7+ {[%clk 00:35:55]}
{[%emt 00:00:20]} Kg6 {[%clk 00:35:02]} {[%emt 00:00:09]} 55. Rd7 {[%clk
00:35:50]} {[%emt 00:00:22]} Kh5 {[%clk 00:34:56]} {[%emt 00:00:10]} 56. Rf7
{[%clk 00:35:15]} {[%emt 00:00:41]} Kg6 {[%clk 00:34:53]} {[%emt 00:00:08]} 57.
Rf8 {[%clk 00:35:03]} {[%emt 00:00:17]} f4+ {[%clk 00:34:06]} {[%emt 00:00:52]}
58. Kxf4 {[%clk 00:34:53]} {[%emt 00:00:15]} Kh5 {[%clk 00:34:00]} {[%emt
00:00:11]} 59. Rh8+ {[%clk 00:34:47]} {[%emt 00:00:12]} Kg6 {[%clk 00:34:00]}
{[%emt 00:00:04]} 60. h5+ {[%clk 00:34:33]} {[%emt 00:00:19]} Kg7 {[%clk
00:33:57]} {[%emt 00:00:08]} 61. Ra8 {[%clk 00:34:20]} {[%emt 00:01:39]} Kh6
{[%clk 00:33:55]} {[%emt 00:00:07]} 62. Kg4 {[%clk 00:34:12]} {[%emt 00:00:13]}
Kg7 {[%clk 00:33:53]} {[%emt 00:00:08]} 63. Ra7+ {[%clk 00:34:12]} {[%emt
00:00:05]} Kh6 {[%clk 00:33:49]} {[%emt 00:00:08]} 64. Ra6+ {[%clk 00:34:00]}
{[%emt 00:00:16]} Kg7 {[%clk 00:33:45]} {[%emt 00:00:10]} 65. h6+ {[%clk
00:33:53]} {[%emt 00:00:10]} Kh7 {[%clk 00:33:47]} {[%emt 00:00:05]} 66. Kg5
{[%clk 00:33:43]} {[%emt 00:00:16]} Kg8 {[%clk 00:33:16]} {[%emt 00:00:35]} 67.
Ra7 {[%clk 00:33:35]} {[%emt 00:00:13]} Kh8 {[%clk 00:33:00]} {[%emt 00:00:21]}
68. Kg6 {[%clk 00:33:19]} {[%emt 00:00:21]} Kg8 {[%clk 00:32:54]} {[%emt
00:00:12]} 69. h7+ {[%clk 00:33:14]} {[%emt 00:00:08]} Kh8 {[%clk 00:32:36]}
{[%emt 00:00:25]} 70. Ra8# {[%clk 00:33:07]} {[%emt 00:00:11]} 1-0

[Event "DVM U10 2023"]
[Site "Magdeburg GER"]
[Date "2023.12.28"]
[Round "4"]
[White "Kukhtichev, Maksim"]
[Black "Ma, Yan"]
[Result "1-0"]
[Termination "normal"]
[Board "4.1"]
[WhiteElo "1399"]
[BlackElo "1353"]
[WhiteClock "00:49:20"]
[BlackClock "00:45:22"]
[WhiteTeam "SK Bad Homburg 1927"]
[BlackTeam "SV Dresden-Leuben"]
[PlyCount "89"]
[WhiteFideId "34638881"]
[EventCountry "GER"]
[EventRounds "7"]
[EventType "team-swiss"]
[EventDate "2023.12.27"]

1. e4 {[%clk 00:55:09]} {[%emt 00:00:01]} e5 {[%clk 00:55:04]} {[%emt
00:00:06]} 2. Nf3 {[%clk 00:55:11]} {[%emt 00:00:03]} Nc6 {[%clk 00:55:03]}
{[%emt 00:00:07]} 3. d4 {[%clk 00:55:12]} {[%emt 00:00:03]} exd4 {[%clk
00:55:00]} {[%emt 00:00:08]} 4. Bc4 {[%clk 00:55:13]} {[%emt 00:00:04]} Bc5
{[%clk 00:55:00]} {[%emt 00:00:05]} 5. c3 {[%clk 00:55:12]} {[%emt 00:00:06]}
Nf6 {[%clk 00:55:00]} {[%emt 00:00:05]} 6. cxd4 {[%clk 00:55:11]} {[%emt
00:00:06]} Bb4+ {[%clk 00:54:58]} {[%emt 00:00:07]} 7. Bd2 {[%clk 00:54:23]}
{[%emt 00:00:52]} Nxe4 {[%clk 00:54:30]} {[%emt 00:00:34]} 8. Bxb4 {[%clk
00:54:11]} {[%emt 00:00:17]} Nxb4 {[%clk 00:54:27]} {[%emt 00:00:09]} 9. Bxf7+
{[%clk 00:53:11]} {[%emt 00:01:04]} Kxf7 {[%clk 00:54:05]} {[%emt 00:00:27]}
10. Qb3+ {[%clk 00:53:08]} {[%emt 00:00:08]} d5 {[%clk 00:53:57]} {[%emt
00:00:13]} 11. Ne5+ {[%clk 00:52:53]} {[%emt 00:00:20]} Kf6 {[%clk 00:53:20]}
{[%emt 00:00:42]} 12. Qxb4 {[%clk 00:52:49]} {[%emt 00:00:09]} Qe7 {[%clk
00:52:53]} {[%emt 00:00:29]} 13. Qxe7+ {[%clk 00:52:29]} {[%emt 00:00:28]} Kxe7
{[%clk 00:52:46]} {[%emt 00:00:12]} 14. Nd2 {[%clk 00:52:08]} {[%emt 00:00:26]}
Nd6 {[%clk 00:51:54]} {[%emt 00:00:57]} 15. O-O {[%clk 00:51:52]} {[%emt
00:00:21]} Nf7 {[%clk 00:51:32]} {[%emt 00:00:26]} 16. Rfe1 {[%clk 00:51:43]}
{[%emt 00:00:15]} Nxe5 {[%clk 00:50:54]} {[%emt 00:00:43]} 17. Rxe5+ {[%clk
00:51:23]} {[%emt 00:00:26]} Be6 {[%clk 00:50:48]} {[%emt 00:00:10]} 18. Rae1
{[%clk 00:51:21]} {[%emt 00:00:07]} Kd7 {[%clk 00:49:59]} {[%emt 00:00:54]} 19.
Rxe6 {[%clk 00:51:24]} {[%emt 00:00:02]} Rhe8 {[%clk 00:49:20]} {[%emt
00:00:44]} 20. Rxe8 {[%clk 00:51:11]} {[%emt 00:00:18]} Rxe8 {[%clk 00:49:15]}
{[%emt 00:00:10]} 21. Rxe8 {[%clk 00:51:10]} {[%emt 00:00:05]} Kxe8 {[%clk
00:49:14]} {[%emt 00:00:07]} 22. Kf1 {[%clk 00:51:06]} {[%emt 00:00:08]} Ke7
{[%clk 00:49:13]} {[%emt 00:00:07]} 23. Ke2 {[%clk 00:51:06]} {[%emt 00:00:06]}
Ke6 {[%clk 00:49:02]} {[%emt 00:00:16]} 24. Nf3 {[%clk 00:51:03]} {[%emt
00:00:07]} b6 {[%clk 00:48:44]} {[%emt 00:00:23]} 25. Ng5+ {[%clk 00:50:55]}
{[%emt 00:00:12]} Kf5 {[%clk 00:48:16]} {[%emt 00:00:34]} 26. Nxh7 {[%clk
00:50:54]} {[%emt 00:00:06]} Ke4 {[%clk 00:48:15]} {[%emt 00:00:06]} 27. Ng5+
{[%clk 00:50:48]} {[%emt 00:00:11]} Kxd4 {[%clk 00:48:12]} {[%emt 00:00:08]}
28. Ne6+ {[%clk 00:50:43]} {[%emt 00:00:10]} Kc4 {[%clk 00:47:40]} {[%emt
00:00:37]} 29. Nxg7 {[%clk 00:50:34]} {[%emt 00:00:15]} Kd4 {[%clk 00:47:33]}
{[%emt 00:00:11]} 30. h4 {[%clk 00:50:34]} {[%emt 00:00:05]} Ke5 {[%clk
00:47:32]} {[%emt 00:00:07]} 31. Ne8 {[%clk 00:50:19]} {[%emt 00:00:20]} c5
{[%clk 00:47:25]} {[%emt 00:00:11]} 32. g4 {[%clk 00:50:19]} {[%emt 00:00:05]}
c4 {[%clk 00:47:22]} {[%emt 00:00:08]} 33. Nc7 {[%clk 00:50:17]} {[%emt
00:00:06]} d4 {[%clk 00:47:15]} {[%emt 00:00:13]} 34. Nb5 {[%clk 00:50:16]}
{[%emt 00:00:06]} d3+ {[%clk 00:47:13]} {[%emt 00:00:06]} 35. Kd2 {[%clk
00:50:06]} {[%emt 00:00:16]} Kf4 {[%clk 00:47:04]} {[%emt 00:00:14]} 36. h5
{[%clk 00:50:06]} {[%emt 00:00:05]} Kg5 {[%clk 00:47:04]} {[%emt 00:00:05]} 37.
f4+ {[%clk 00:50:03]} {[%emt 00:00:08]} Kh6 {[%clk 00:46:50]} {[%emt 00:00:19]}
38. f5 {[%clk 00:49:58]} {[%emt 00:00:11]} Kg7 {[%clk 00:45:58]} {[%emt
00:00:56]} 39. g5 {[%clk 00:49:58]} {[%emt 00:00:05]} a6 {[%clk 00:45:52]}
{[%emt 00:00:11]} 40. Nd6 {[%clk 00:49:50]} {[%emt 00:00:13]} b5 {[%clk
00:45:49]} {[%emt 00:00:09]} 41. h6+ {[%clk 00:49:38]} {[%emt 00:00:17]} Kg8
{[%clk 00:45:41]} {[%emt 00:00:12]} 42. g6 {[%clk 00:49:29]} {[%emt 00:00:14]}
Kf8 {[%clk 00:45:37]} {[%emt 00:00:09]} 43. h7 {[%clk 00:49:22]} {[%emt
00:00:12]} Kg7 {[%clk 00:45:36]} {[%emt 00:00:06]} 44. f6+ {[%clk 00:49:22]}
{[%emt 00:00:06]} Kh8 {[%clk 00:45:22]} {[%emt 00:00:18]} 45. Nf7# {[%clk
00:49:20]} {[%emt 00:00:07]} 1-0

[Event "DVM U10 2023"]
[Site "Magdeburg GER"]
[Date "2023.12.28"]
[Round "4"]
[White "Poladli, Firuz"]
[Black "Pflugbeil, Julian"]
[Result "0-1"]
[Termination "normal"]
[Board "4.2"]
[WhiteElo "1030"]
[BlackElo "1284"]
[WhiteClock "00:00:47"]
[BlackClock "00:42:10"]
[WhiteTeam "SV Dresden-Leuben"]
[BlackTeam "SK Bad Homburg 1927"]
[PlyCount "66"]
[BlackFideId "34608850"]
[EventCountry "GER"]
[EventRounds "7"]
[EventType "team-swiss"]
[EventDate "2023.12.27"]

1. e4 {[%clk 00:55:08]} {[%emt 00:00:02]} d6 {[%clk 00:55:08]} {[%emt
00:00:03]} 2. d4 {[%clk 00:55:07]} {[%emt 00:00:06]} Nf6 {[%clk 00:55:10]}
{[%emt 00:00:03]} 3. Nc3 {[%clk 00:55:00]} {[%emt 00:00:12]} g6 {[%clk
00:55:12]} {[%emt 00:00:03]} 4. Bd3 {[%clk 00:54:52]} {[%emt 00:00:13]} Bg7
{[%clk 00:55:13]} {[%emt 00:00:04]} 5. Nf3 {[%clk 00:54:48]} {[%emt 00:00:08]}
O-O {[%clk 00:55:13]} {[%emt 00:00:06]} 6. Be3 {[%clk 00:53:11]} {[%emt
00:01:41]} Nbd7 {[%clk 00:55:02]} {[%emt 00:00:17]} 7. Qd2 {[%clk 00:52:58]}
{[%emt 00:00:18]} Ng4 {[%clk 00:55:02]} {[%emt 00:00:05]} 8. O-O-O {[%clk
00:52:09]} {[%emt 00:00:53]} Nxe3 {[%clk 00:55:04]} {[%emt 00:00:04]} 9. Qxe3
{[%clk 00:52:05]} {[%emt 00:00:09]} c5 {[%clk 00:55:04]} {[%emt 00:00:05]} 10.
Kb1 {[%clk 00:50:40]} {[%emt 00:01:30]} Qb6 {[%clk 00:54:56]} {[%emt 00:00:13]}
11. Nd5 {[%clk 00:44:51]} {[%emt 00:05:52]} Qd8 {[%clk 00:53:41]} {[%emt
00:01:22]} 12. h4 {[%clk 00:43:51]} {[%emt 00:01:03]} e6 {[%emt 00:01:38]} 13.
Nf4 {[%clk 00:40:34]} {[%emt 00:01:56]} cxd4 {[%clk 00:53:19]} {[%emt
00:00:23]} 14. Qd2 {[%clk 00:38:42]} {[%emt 00:01:52]} e5 {[%clk 00:52:29]}
{[%emt 00:00:59]} 15. Ne2 {[%clk 00:37:38]} {[%emt 00:01:07]} Nc5 {[%clk
00:52:13]} {[%emt 00:00:23]} 16. Rdg1 {[%clk 00:34:33]} {[%emt 00:03:07]} h5
{[%clk 00:52:10]} {[%emt 00:00:11]} 17. Ne1 {[%clk 00:31:33]} {[%emt 00:02:59]}
Kh7 {[%clk 00:51:23]} {[%emt 00:00:58]} 18. f3 {[%clk 00:30:36]} {[%emt
00:01:01]} Bh6 {[%clk 00:50:56]} {[%emt 00:00:32]} 19. Qb4 {[%clk 00:27:04]}
{[%emt 00:03:34]} Be3 {[%clk 00:50:52]} {[%emt 00:00:13]} 20. Rf1 {[%clk
00:26:26]} {[%emt 00:00:36]} a5 {[%clk 00:50:55]} {[%emt 00:00:09]} 21. Qa3
{[%clk 00:24:42]} {[%emt 00:01:51]} Bd2 {[%clk 00:50:39]} {[%emt 00:00:25]} 22.
b3 {[%clk 00:20:42]} {[%emt 00:04:00]} a4 {[%clk 00:49:06]} {[%emt 00:01:43]}
23. Bc4 {[%clk 00:18:17]} {[%emt 00:02:30]} Bd7 {[%clk 00:48:40]} {[%emt
00:00:31]} 24. Qb2 {[%clk 00:13:55]} {[%emt 00:04:24]} b5 {[%clk 00:48:30]}
{[%emt 00:00:18]} 25. Bd5 {[%clk 00:11:26]} {[%emt 00:02:32]} Ra6 {[%clk
00:48:28]} {[%emt 00:00:09]} 26. Rfg1 {[%clk 00:08:56]} {[%emt 00:02:34]} Qb6
{[%clk 00:44:11]} {[%emt 00:04:23]} 27. g4 {[%clk 00:08:11]} {[%emt 00:00:49]}
b4 {[%clk 00:43:54]} {[%emt 00:00:24]} 28. gxh5 {[%clk 00:06:58]} {[%emt
00:01:17]} gxh5 {[%clk 00:43:42]} {[%emt 00:00:18]} 29. Bc4 {[%clk 00:05:16]}
{[%emt 00:01:45]} Bb5 {[%clk 00:42:42]} {[%emt 00:01:07]} 30. Rg2 {[%clk
00:00:54]} {[%emt 00:04:24]} Bxc4 {[%clk 00:42:30]} {[%emt 00:00:20]} 31. bxc4
{[%emt 00:00:22]} a3 32. Qa1 {[%clk 00:01:01]} b3 {[%clk 00:42:11]} {[%emt
00:00:09]} 33. cxb3 {[%clk 00:00:47]} {[%emt 00:00:18]} Nxb3 {[%clk 00:42:10]}
{[%emt 00:00:07]} 0-1